000 00654cam a22002293a 4500
001 39575
003 PGUSA
005 20140828083859.0
008 120429s2012||||xxu|||||s|||||000 | eng d
040 _aPGUSA
_beng
042 _adc
100 1 _aNerval, Gérard de,
_d1808-1855
245 1 0 _aAurelia oder der Traum und das Leben
_h[electronic resource] /
_cGérard de Nerval
260 _bProject Gutenberg,
_c2012
506 _aPublic domain in the USA.
516 _aElectronic text
700 1 _aKubin, Hedwig
700 1 _aKubin, Alfred
830 0 _aProject Gutenberg
_v39575
856 4 0 _uhttp://www.gutenberg.org/ebooks/39575
942 _cEB
999 _c268828
_d268828